Statistics for US States along the coastline and border

Click here to take the quiz!

General Stats

  • This quiz has been taken 2,439 times
    (2,315 since last reset)
  • The average score is 25 of 42

Answer Stats

State % Correct
Maine
100%
New Hampshire
91%
Rhode Island
85%
Massachusetts
83%
New York
65%
Florida
64%
New Jersey
64%
North Carolina
63%
Alabama
63%
Georgia
63%
South Carolina
63%
Texas
63%
Louisiana
62%
Washington
61%
Virginia (Eastern Shore)
61%
Maryland
61%
Delaware
61%
Mississippi
61%
California
61%
Oregon
61%
New Mexico
60%
Arizona
60%
Connecticut
58%
Montana
58%
Idaho
57%
North Dakota
57%
Minnesota
55%
Virginia
55%
Wisconsin
54%
Michigan
54%
Massachusetts (Fall River)
54%
Maryland
53%
Rhode Island
52%
Illinois
47%
Ohio
47%
Vermont
47%
Indiana
46%
New York
46%
Pennsylvania
45%
Wisconsin
44%
New Hampshire
44%
Michigan
43%

Score Distribution

Percentile by Number Answered

Percent of People with Each Score

Your Score History

You have not taken this quiz since the last reset